000 00629nam a2200217Ii 4500
001 19020
003 CO-ViMGA
008 241108s9999||||xx |||||||||||||| ||und||
020 _a9589257151
040 _aCO-ViMGA
_bspa
_erda
_cCO-ViMGA
041 0 _aspa
084 _aT PIÑ3t
100 1 _aJoaquín Piñeros Corpas
_948593
245 1 0 _aTeatro colombiano
264 1 _aBogotá, Colombia : Fundación Joaquín Piñeros Corpas, 1997
300 _avolumen
336 _atext
_btxt
_2rdacontent
337 _aunmediated
_bn
_2rdamedia
338 _avolume
_bnc
_2rdacarrier
940 _aidficha_siabuc: 18677. -- ficha_no_siabuc:19020
999 _c43235
_d43235